Cinco poetas suecos

Uloženo v:
Podrobná bibliografie
Hlavní autor: Duarte, Silva (Autor)
Médium: Kniha
Jazyk:portugalština
Vydáno: Barcelos Do Minho 1981
Témata:
Tagy: Přidat tag
Žádné tagy, Buďte první, kdo vytvoří štítek k tomuto záznamu!

MARC

LEADER 00000nam a2200000 a 4500
001 UCQ5169
003 CL-VaPUC
008 980925e19810000PO |||||||||||||||||por|d
082 0 4 |a 839.7  |b DUA  |2 21 
100 0 |a Duarte, Silva  |e author  |9 419335 
245 1 0 |a Cinco poetas suecos 
300 |a v 
942 |c BK 
945 |d 19980925 00:00:00  |a crobeson 
260 |a Barcelos  |b Do Minho  |c 1981 
600 0 7 |a WINE, MARIA  |2 CL-VaPUC  |9 419336 
600 0 7 |a ASPENSTROM, WERNER  |2 CL-VaPUC  |9 419337 
600 0 7 |a FORSSELL, LARS  |2 CL-VaPUC  |9 419338 
600 0 7 |a TRANTROMER, TOMAS  |2 CL-VaPUC  |9 419339 
600 0 7 |a SODERBERG, LASSE  |2 CL-VaPUC  |9 419340 
650 7 |a POESIAS SUECAS  |2 CL-VaPUC  |9 323296 
650 7 |a LITERATURA SUECA  |2 CL-VaPUC  |9 419341 
583 |a last modification  |c 19980925 00:00:00  |k Rodrigo Vera 
999 |c 275385  |d 275383 
952 |0 0  |1 0  |4 0  |6 839_700000000000000_DUA_1981  |7 0  |8 A  |9 312122  |a BIBEDU  |b BIBEDU  |d 2019-11-20  |h v.2  |i 1468707  |o 839.7 DUA 1981  |p 1468707  |r 2019-11-20  |w 2019-11-20  |y BK  |k LIT